03626cam a2200373 a 450000100090000000300090000900500170001800800410003501000170007602000240009302500240011703700760014104000280021704200150024504300120026005000230027208200130029524505650030824600860087326001290095930001100108844000570119850000340125550400510128950514160134065000390275665000400279570000570283570000580289270000630295070000680301370000880308171000830316915849310BDDh-ASL20231015030921.0170615m20072009bg ab be 001 0 b  a 2009346463 z9843000002860 (set) aB-E-2009-346463; 17 bLibrary of Congress -- New Delhi Overseas OfficecTk500 (v. 1 : varies) aDLCcBDDh-ASLdBDDh-ASL alcodeapcc aa-bg---00aQK358.7b.E53 2007 a503bBAN00aবাংলাদেশ উদ্ভিদ ও প্রাণী জ্ঞানকোষ, Vol.-24, সামুদ্রিক মাছ /cপ্রধান সম্পাদক, জিয়া উদ্দিন আহমেদ ; সম্পাদক, উদ্ভিদ, জেড এন তাহমিদা বেগম, মো: আবুল হাসান, মুনিরুজ্জামান খন্দকার; ; প্রাণী, সৈয়দ মোহাম্মদ হুমায়ুন কবির ... [et al.].30aBangladesh Udvid O Prani Gayankosh, Encyclopedia of flora and fauna of Bangladesh aঢাকা :bবাংলাদেশ এশিয়াটিক সোসাইটি ,c২০০৭-<২০০৯> aভলিউম. <১-২৮> :bরঙ্গিন ছবি, ম্যাপ ;c২৫ সে. মি.  aAsiatic Society of Bangladesh publication; vno. 104 aEditors vary in some volumes. aIncludes bibliographical references and index.1 av. 1. Bangladesh profile -- v. 2. Cyanobacteria, bacteria, and fungi -- v. 3. Algae: Chlorophyta (Aphanochaetaceae-Zygnemataceae) -- v. 4. Algae: Charophyta-Rhodophyta (Achnanthaceae-Vaucheriaceae) -- v. 5. Bryophytes, Pteridophytes, and Gymnosperms -- v. 6. Angiosperms: Dicotyledons (Acanthaceae-Asteraceae) -- v. 7. Angiosperms: Dicotyledons (Balsaminaceae-Euphorbiaceae) -- v. 8. Angiosperms: Dicotyledons (Fabaceae-Lythraceae) -- v. 9. Angiosperms: Dicotyledons Magnoliaceae-Punicaceae -- v. 10. Angiosperms: Dicotyledons Renunculaceae-Zygophyllaceae -- v. 11. Angiosperms: Monocotyledons Agavaceae-Najadaceae -- v. 12. Angiosperms: Monocotyledons, Orchidaceae-Zingiberaceae -- v. 13. Cumulative index flora -- v. 14. Protozoa to Gastrotricha -- v. 15. Platyhelminthes and Nematoda -- v. 16. Annelida Echinodermata Acanthocephala and minor phyla -- v. 17. Molluscs -- v. 18., pt. 1. Arthropoda: Archnida -- v. 18, pt. 2. Arthropoda: Crustacea -- v. 19. Arthropoda: Insecta I (Apterygota and Pterygota (Part)) -- v. 20. Arthropoda: Insecta II (Pterygota orders, Homoptera, Hemiptera Thysanoptera) -- v. 21. Arthropoda: Insceta III Pterygota (part), Pterygota orders, Neuroptera, Mecoptera, Lepidoptera, Trichoptera, Diptera, Siphonaptera -- v. 22. Anthropoda insecta IV -- v. 23. Freshwater fishes -- v. 24. Marine fishes -- v. 25. Ambhibians and reptiles -- v. 26. Birds -- v. 28. Cumulative index fauna 0aPlantszBangladeshvEncyclopedias. 0aAnimalszBangladeshvEncyclopedias.1 aআহমেদ, জিয়া উদ্দিন 1 aবেগম, জেড এন তাহমিদা 1 aহাসান, মোহাম্মদ আবুল 1 aখন্দকার, মুনিরুজ্জামান 1 aকবির, সৈয়দ মোহাম্মদ হুমায়ুন 2 aবাংলাদেশ এশিয়াটিক সোসাইটি